000 00423nam a22001817a 4500
003 OSt
005 20250401142004.0
008 250401b |||||||| |||| 00| 0 eng d
020 _a9789393050113
082 _a8H3
_bMANT
100 _aManto, Sahadat Hasan
245 _aManto ki anmol kahaniya
260 _aGurugram Lexicon Books
300 _a320p.
546 _aHindi
651 _aHindi Fiction
942 _2ddc
_cBK
999 _c3745
_d3745